000
00456nam a2200181Ia 4500
008
151121s9999||||xx |||||||||||||| ||und||
082
_a
812/ काळे
082
_b
HNW-34770
100
_a
काळे विमल
245
_a
मृगजळ
260
_c
--
300
_a
54
600
_a
काळे विमल
630
_a
मृगजळ
700
_a
काळे विमल
730
_a
मृगजळ
942
_c
BOOK
999
_c
1227582
_d
1227579